Alle Disney (Pixar) Filme - Statistiken

Allgemein
  • Dieses Quiz wurde 460 mal gespielt
  • Das Durchschnittsergebnis liegt bei 8 aus 16
Answers on the Grid
Answers color-coded by a green-red scale on the quiz's grid according to % correct below.
Shrek
Ratatouille
Megamind
Die Unglaublichen
Findet Nemo
Bee Movie
Kung Fu Panda
Madagascar
Dschungelbuch
Drachenzähmen Leichtgemacht
Wall-E
Oben
Große Haie Kleine Fische
Ab durch die Hecke
Das große Krabbeln
Spirit
Toy Story
Elemental
Cars
Soul
Flutsch und Weg
Monster vs. Aliens
Merida
Die Croods
Alles steht Kopf
Bolt
Wallace & Gromit
Baymax
Prinz von Ägypten
Der Gigant aus dem All
Aristocats
Happy Feet
 
Antwortstatistiken
Antwort % Korrekt
Ratatouille
83%
Findet Nemo
68%
Die Unglaublichen
63%
Wall-E
58%
Oben
57%
Toy Story
57%
Cars
55%
Alles steht Kopf
53%
Dschungelbuch
51%
Baymax
42%
Merida
42%
Soul
42%
Elemental
40%
Das große Krabbeln
38%
Aristocats
35%
Bolt
35%
Keine übereinstimmenden Quizze gefunden
Verteilung der Resultate
Anzahl Personen mit jedem Resultat
Perzentil nach korrekt beantworteten Fragen
Ihre Resultats-Entwicklung
Sie haben dieses Quiz noch nicht gespielt